The journal of obstetrics and gynecology of India.

Bibliographic Details
Uniform Title:Journal of obstetrics and gynecology of India (Online)
Corporate Author: Federation of Obstetric and Gynaecological Societies of India
Format: Journal
Language:English
Published: [Bombay] : Federation of Obstetric and Gynaecological Societies of India.
New Delhi : Springer India.
Subjects:
Online Availability: Check for online availability

MARC

Tag First Indicator Second Indicator Subfields
LEADER 00000cas a2200000 a 4500
001 in00002784827
005 20150922151626.0
006 m o d
007 cr |||||||||||
008 060222c19519999ii br poo 0 0eng d
010 |a  2006265009 
016 7 |a 015792155  |2 Uk 
022 |a 0975-6434  |y 0971-9202  |y 0022-3190 
029 0 |a OCLCS  |b OP-73686 
029 1 |a OCLCS  |b OP-6935 
029 1 |a AU@  |b 000040191080 
029 1 |a NZ1  |b 13942317 
029 1 |a NZ1  |b 14558060 
035 |a (OCoLC)ocm64202093 
035 |a (OCoLC)64202093 
037 |b Journal of obstetrics and gynecology of India, Springer (India) Private Ltd., 212, Deen Dayal Upadhyaya Marg, 3rd Fl, Gandharva Mahavidyalaya, New Delhi, 110 002 India 
040 |a SNM  |c SNM  |d CUS  |d OCLCS  |d UKMGB  |d OCLCQ  |d TXA  |d UtOrBLW 
042 |a lcd 
049 |a TXAM 
050 1 4 |a RG1  |b .J68761 Electronic 
130 0 |a Journal of obstetrics and gynecology of India (Online) 
245 1 4 |a The journal of obstetrics and gynecology of India. 
246 1 |a J. obstet. gynecol. India 
246 1 |a JOGI 
264 1 |3 1951-2009:  |a [Bombay] :  |b Federation of Obstetric and Gynaecological Societies of India. 
264 1 |3 2010- :  |a New Delhi :  |b Springer India. 
310 |a Bimonthly 
336 |a text  |b txt  |2 rdacontent 
337 |a computer  |b c  |2 rdamedia 
338 |a online resource  |b cr  |2 rdacarrier 
362 1 |a Print began in1951. 
538 |a Mode of access: World Wide Web. 
550 |a Official journal of the Federation of Obstetric and Gynaecological Societies of India. 
588 |a Description based on: Vol. 54, no. 1 (Jan./Feb. 2004); title from table of contents page (medIND Web site, viewed Apr. 6, 2006). 
588 |a Latest issue consulted: Vol. 62, no. 4 (July/Aug. 2012) (Springer, viewed Nov. 27, 2012). 
500 |a Electronic resource. 
650 0 |a Obstetrics  |v Periodicals. 
650 0 |a Gynecology  |v Periodicals. 
650 1 2 |a Obstetrics  |v Periodicals. 
650 1 2 |a Gynecology  |v Periodicals. 
710 2 |a Federation of Obstetric and Gynaecological Societies of India. 
776 0 8 |i Print version:  |t Journal of obstetrics and gynaecology of India  |x 0022-3190  |w (DLC)sn 81003357  |w (OCoLC)1644376 
948 |a cataloged  |b h  |c 2012/11/28  |d c  |e spoltoratski  |f 1:57:46 pm  |g sc 
994 |a C0  |b TXA 
999 |a MARS 
999 f f |s f48dc983-51f1-3c40-9c8f-4a04dd5d3d17  |i 99e2128e-0ab1-3205-8d33-c87a1fcfda0d  |t 0 
952 f f |a Texas A&M University  |b College Station  |c Electronic Resources  |d Available Online  |t 0  |e RG1 .J68761  |g Electronic  |h Library of Congress classification 
998 f f |a RG1 .J68761  |t 0  |l Available Online